000 00899cab a2200181 4500
001 L130584
008 050815n2005 000 0 eng u
035 _a(Sirsi) u130584
041 _aeng
100 _aBurns, Joseph
245 _aHouse this for a cost briefing?
260 _c2005
490 _aQS Week
_v(16) 10 August 2005, 14-15(2)
520 _aAn overview of the factors that contribute to the cost of residential units. Provides a comparison of typical individual unit costs and a comparison of typical floor area rates; together with an elemental breakdown of costs for social housing, town houses with integral garages, detached houses with separate garage block and semi detached and terraces with garages. Figures quoted reflect pricing in the south east of England. (For part two see L130632.)
590 _aIKA160805
690 _aBUILT ENVIRONMENT-BUILDING COSTS
942 _n0
999 _c75716
_d75716